00000000cam 2200000zi 4500
0019.963077
003CaOODSP
00520260526105022
006m     o  d f      
007cr |n|||||||||
008260526t20172017oncabo  ob   f000 0 eng d
040 |aCaOODSP|beng|erda|cCaOODSP
043 |an-cn---
0861 |aM183-2/8199E-PDF
24500|aTargeted Geoscience Initiative 2016 report of activities / |cN. Rogers (ed.).
264 1|a[Ottawa] : |bGeological Survey of Canada, |c2017.
264 4|c©2017
300 |a1 online resource (131 pages) : |bmaps, figures, photographs.
336 |atext|btxt|2rdacontent
337 |acomputer|bc|2rdamedia
338 |aonline resource|bcr|2rdacarrier
4901 |aOpen file ; |v8199
504 |aIncludes bibliographical references.
650 5|aMines and mineral resources|zCanada.
650 0|aGeology|xResearch|zCanada.
650 6|aRessources minérales|zCanada.
650 6|aGéologie|xRecherche|zCanada.
7001 |aRogers, N., |eeditor.
7102 |aGeological Survey of Canada, |eissuing body.
830#0|aOpen file (Geological Survey of Canada)|v8199.|w(CaOODSP)9.506878
85640|qPDF|s39.9 MB|uhttps://publications.gc.ca/collections/collection_2026/rncan-nrcan/m183-2/M183-2-8199-eng.pdf